000 00403nam a22001697a 4500
001 BT-PhCST
003 BT-PhCST
005 20190204171038.0
008 150331b xxu||||| |||| 00| 0 eng d
040 _aBT-PhCST
_cBT-PhCST
_dBT-PhCST
050 _aACC No:D152
082 _222
_a005
100 _aNA
245 _aDisk operation system /
300 _avii, 386 p. ;
_bill. ;
_c18 cm
942 _2ddc
_cREF
999 _c5362
_d5362